<?xml version="1.0" encoding="UTF-8"?>
<record
    xmlns:xsi="http://www.w3.org/2001/XMLSchema-instance"
    xsi:schemaLocation="http://www.loc.gov/MARC21/slim http://www.loc.gov/standards/marcxml/schema/MARC21slim.xsd"
    xmlns="http://www.loc.gov/MARC21/slim">

  <leader>02400cim a2200529 i 4500</leader>
  <controlfield tag="001">bg</controlfield>
  <controlfield tag="003">KOSZ 005</controlfield>
  <controlfield tag="005">20240405063205.0</controlfield>
  <controlfield tag="006">m||||| ||h| 00| 0</controlfield>
  <controlfield tag="007">sd fsngnnmmned</controlfield>
  <controlfield tag="008">080930s2008    pl nnn     h  nn    pol</controlfield>
  <datafield tag="020" ind1=" " ind2=" ">
    <subfield code="a">9788375521238</subfield>
  </datafield>
  <datafield tag="020" ind1=" " ind2=" ">
    <subfield code="a">9788375521276</subfield>
  </datafield>
  <datafield tag="040" ind1=" " ind2=" ">
    <subfield code="a">WA N</subfield>
    <subfield code="c">KOSZ 005/HR</subfield>
    <subfield code="d">KOSZ 005/HR</subfield>
  </datafield>
  <datafield tag="080" ind1=" " ind2=" ">
    <subfield code="a">323(630)</subfield>
  </datafield>
  <datafield tag="080" ind1=" " ind2=" ">
    <subfield code="a">929-052(630)"19"</subfield>
  </datafield>
  <datafield tag="080" ind1=" " ind2=" ">
    <subfield code="a">(047)</subfield>
  </datafield>
  <datafield tag="100" ind1="1" ind2=" ">
    <subfield code="a">Kapu&#x15B;ci&#x144;ski, Ryszard</subfield>
    <subfield code="d">(1932-2007)</subfield>
  </datafield>
  <datafield tag="245" ind1="1" ind2="0">
    <subfield code="a">Cesarz /</subfield>
    <subfield code="c">Ryszard Kapu&#x15B;ci&#x144;ski.</subfield>
  </datafield>
  <datafield tag="246" ind1="1" ind2="3">
    <subfield code="a">Zbigniew Zapasiewicz czyta "Cesarza" Ryszarda Kapu&#x15B;ci&#x144;skiego</subfield>
  </datafield>
  <datafield tag="246" ind1="1" ind2="4">
    <subfield code="i">Tyt. ok&#x142;.:</subfield>
    <subfield code="a">Cesarz. Postscriptum</subfield>
  </datafield>
  <datafield tag="260" ind1=" " ind2=" ">
    <subfield code="a">Warszawa :</subfield>
    <subfield code="b">Agora,</subfield>
    <subfield code="c">cop. 2008.</subfield>
  </datafield>
  <datafield tag="300" ind1=" " ind2=" ">
    <subfield code="a">1 p&#x142;yta (CD) :</subfield>
    <subfield code="b">digital, stereo. ;</subfield>
    <subfield code="c">12 cm +</subfield>
    <subfield code="e">ksi&#x105;&#x17C;ka : 47, [1] s. : fot. ; 22 cm.</subfield>
  </datafield>
  <datafield tag="490" ind1="1" ind2=" ">
    <subfield code="a">Biblioteka Gazety Wyborczej.</subfield>
  </datafield>
  <datafield tag="490" ind1="1" ind2=" ">
    <subfield code="a">Kolekcja wybranych dzie&#x142; Ryszarda Kapu&#x15B;ci&#x144;skiego / pod red. Bo&#x17C;eny Dudko i Mariusza Szczyg&#x142;a ;</subfield>
    <subfield code="v">t. 13.</subfield>
  </datafield>
  <datafield tag="500" ind1=" " ind2=" ">
    <subfield code="a">Nagr. wg adapt. Krystiana Nehrebeckiego.</subfield>
  </datafield>
  <datafield tag="500" ind1=" " ind2=" ">
    <subfield code="a">Ksi&#x105;&#x17C;ka zawiera: opowie&#x15B;&#x107; Ryszarda Kapu&#x15B;ci&#x144;skiego w oprac. Hansa Magnusa Enzensbergera " Parabola w&#x142;adzy", "Kalendarium &#x17C;ycia Hajle Sellasje I" , artyku&#x142; "Kronika katastrof" Neala Aschersona, 14 fotografii Ryszarda Kapu&#x15B;ci&#x144;skiego z Etiopii z jego archiwum w wyborze Izabeli Wojciechowskiej.</subfield>
  </datafield>
  <datafield tag="508" ind1=" " ind2=" ">
    <subfield code="a">Re&#x17C;. nagr. Piotr Bielawski.</subfield>
  </datafield>
  <datafield tag="538" ind1=" " ind2=" ">
    <subfield code="a">Nagranie w formacie mp3.</subfield>
  </datafield>
  <datafield tag="600" ind1="1" ind2=" ">
    <subfield code="a">Hajle Syllasje</subfield>
    <subfield code="b">I</subfield>
    <subfield code="c">(cesarz Etiopii ;</subfield>
    <subfield code="d">1892-1975)</subfield>
  </datafield>
  <datafield tag="651" ind1=" " ind2="4">
    <subfield code="a">Etiopia</subfield>
    <subfield code="y">1945-1989 r.</subfield>
  </datafield>
  <datafield tag="655" ind1=" " ind2="4">
    <subfield code="a">Reporta&#x17C; polski</subfield>
    <subfield code="y">1956-1989 r.</subfield>
  </datafield>
  <datafield tag="648" ind1=" " ind2="4">
    <subfield code="a">1901-2000</subfield>
  </datafield>
  <datafield tag="648" ind1=" " ind2="4">
    <subfield code="a">1945-1989</subfield>
  </datafield>
  <datafield tag="655" ind1=" " ind2="4">
    <subfield code="a">Dokumenty d&#x17A;wi&#x119;kowe</subfield>
  </datafield>
  <datafield tag="655" ind1=" " ind2="4">
    <subfield code="a">Ksi&#x105;&#x17C;ki m&#xF3;wione</subfield>
  </datafield>
  <datafield tag="700" ind1="1" ind2=" ">
    <subfield code="a">Zapasiewicz, Zbigniew</subfield>
    <subfield code="d">(1934-2009).</subfield>
    <subfield code="e">Lektor.</subfield>
  </datafield>
  <datafield tag="700" ind1="1" ind2=" ">
    <subfield code="a">Nehrebecki, Krystian</subfield>
    <subfield code="d">(1967- ).</subfield>
    <subfield code="e">Adapt.</subfield>
  </datafield>
  <datafield tag="710" ind1="2" ind2=" ">
    <subfield code="a">Agora</subfield>
    <subfield code="e">Wydawca</subfield>
  </datafield>
  <datafield tag="700" ind1="1" ind2=" ">
    <subfield code="a">Dudko, Bo&#x17C;ena</subfield>
    <subfield code="d">(1963- )</subfield>
    <subfield code="e">Redakcja</subfield>
  </datafield>
  <datafield tag="700" ind1="1" ind2=" ">
    <subfield code="a">Szczygie&#x142;, Mariusz</subfield>
    <subfield code="d">(1966- )</subfield>
    <subfield code="e">Redakcja</subfield>
  </datafield>
  <datafield tag="800" ind1="1" ind2=" ">
    <subfield code="a">Kapu&#x15B;ci&#x144;ski, Ryszard</subfield>
    <subfield code="d">(1932-2007).</subfield>
    <subfield code="t">Kolekcja wybranych dzie&#x142; Ryszarda Kapu&#x15B;ci&#x144;skiego</subfield>
    <subfield code="v">t. 13.</subfield>
  </datafield>
  <datafield tag="856" ind1=" " ind2=" ">
    <subfield code="u">http://koha.tu.koszalin.pl/cgi-bin/koha/opac-detail.pl?biblionumber=54911</subfield>
    <subfield code="y">Katalog online BPK</subfield>
  </datafield>
  <datafield tag="830" ind1=" " ind2="0">
    <subfield code="a">Biblioteka Gazety Wyborczej</subfield>
  </datafield>
  <datafield tag="942" ind1=" " ind2=" ">
    <subfield code="2">UKD</subfield>
    <subfield code="c">AB</subfield>
  </datafield>
  <datafield tag="999" ind1=" " ind2=" ">
    <subfield code="c">54911</subfield>
    <subfield code="d">54911</subfield>
  </datafield>
  <datafield tag="952" ind1=" " ind2=" ">
    <subfield code="0">0</subfield>
    <subfield code="1">0</subfield>
    <subfield code="4">0</subfield>
    <subfield code="7">0</subfield>
    <subfield code="a">BPK</subfield>
    <subfield code="b">BPK</subfield>
    <subfield code="c">w</subfield>
    <subfield code="g">18.00</subfield>
    <subfield code="o">87299</subfield>
    <subfield code="p">02410821</subfield>
    <subfield code="y">KS</subfield>
  </datafield>
  <datafield tag="952" ind1=" " ind2=" ">
    <subfield code="0">0</subfield>
    <subfield code="1">0</subfield>
    <subfield code="4">0</subfield>
    <subfield code="7">0</subfield>
    <subfield code="8">BG00</subfield>
    <subfield code="a">BPK</subfield>
    <subfield code="b">BPK</subfield>
    <subfield code="c">w</subfield>
    <subfield code="g">0.00</subfield>
    <subfield code="o">CD 1748</subfield>
    <subfield code="p">00326797</subfield>
    <subfield code="y">AB</subfield>
  </datafield>
</record>
